Govt. of
Madhya Pradesh

Sri Ramakrishna and His Gospel Volume I (Record no. 13826)

MARC details
000 -LEADER
fixed length control field 003640000a22001570004500
001 - CONTROL NUMBER
control field 001910
003 - CONTROL NUMBER IDENTIFIER
control field MACL
040 ## - CATALOGING SOURCE
Original cataloging agency MACL
090 ## - LOCALLY ASSIGNED LC-TYPE CALL NUMBER (OCLC); LOCAL CALL NUMBER (RLIN)
-- 13903
-- 13902
100 ## - MAIN ENTRY--PERSONAL NAME
Personal name Bhuteshananda, Swami
245 ## - TITLE STATEMENT
Title Sri Ramakrishna and His Gospel Volume I
Statement of responsibility, etc. Swami Bhuteshananda
260 ## - PUBLICATION, DISTRIBUTION, ETC. (IMPRINT)
Place of publication, distribution, etc. Advaita Ahrama,
Date of publication, distribution, etc. 2000
350 ## - PRICE (NR) (BK AM CF MU VM SE) [OBSOLETE]
Price 125
650 ## - SUBJECT ADDED ENTRY--TOPICAL TERM
Topical term or geographic name as entry element Religion
942 ## - ADDED ENTRY ELEMENTS (KOHA)
Call number prefix 295
Koha item type Library Membar
Holdings
Withdrawn status Lost status Source of classification or shelving scheme Damaged status Not for loan Home library Current library Date acquired Cost, normal purchase price Total Checkouts Total Renewals Full call number Barcode Date last seen Date last checked out Uniform Resource Identifier Price effective from Koha item type
          MACL MACL 15/04/2015 125.00 3 2 294.5/BHU CRE014577 02/05/2024 01/04/2016 13705 15/04/2015 Books